000 01049nam0a22002771 4500
001 RU\NLR\INFOCOMM_190\5000070267
005 20250613095531.0
035 _a(NLR Aleph) 009297758
090 _a9259896
_c9259896
100 _a20101011d1982 |||y0rusy50 ca
101 1 _ascr
102 _aRU
105 _aa ||||000|y
200 1 _aIntegracija radi čoveka
_fNikolaj Fadejev
_g[Prev. M. Rozentalj i V. Poplavski]
210 _aΜ.
_cIzd. preduzeće Agencije za štampu "Novosti"
_d1982
215 _a92 с., 8 л. ил.
_cил., портр., карт.
_d16 см
300 _aВ вып. дан.: Интеграция на благо человека / Н. Фаддеев
606 _aИнтеграция (экон.) социалистических стран
_2nlr_sh1
686 _aУ680.3
_2rubbk
700 1 _9z01790
_aFaddeev
_bN. V.
_f1911-
_gNikolaj Vasil'evič
_4070
790 1 _9z01700
_aFadejev
_bN.
_gNikolaj
_4070
801 1 _aRU
_bNLR
_c20101011
801 0 _aRU
_bNLR
_gPSBO
852 _aNLR
_jСл Хорв-1/410
942 _cBOOK
980 _aNB